000
00325nam a22001457a 4500
003
SGT
082
_a
617.7
_b
C12R
100
_a
RHEE, DOUGLAS
245
_a
COLOR ATLAS & SYNOPSIS OF CLINICAL OPHTHALMOLOGY
250
_a
2ND
260
_a
INDIA
_b
LWW
_c
2012
300
_a
445
650
_a
OPHTHALMOLOGY
942
_2
ddc
_c
BK
999
_c
14714
_d
14714